000 00473nam a2200169Ia 4500
008 240729s9999 xx 000 0 und d
022 _a2313-1810
245 0 _aSouthern African Journal of Infectious Diseases
260 _aSouth Africa
260 _bAOSIS
650 _a Infectious and parasitic diseases
650 _a Internal medicine
650 _aMedicine
856 _uhttps://doaj.org/toc/90b8100fce674d4d9293d582c0f84d48
942 _2ddc
942 _cDOAJEJ
999 _c74934
_d74934
945 _a1
_bMadushi Gamage
_c1
_dMadushi Gamage